| 000 | 00764cam a2200253 4500 | ||
|---|---|---|---|
| 999 |
_c5657 _d5657 |
||
| 001 | 5657 | ||
| 003 | BD-JhCC | ||
| 005 | 20180303132307.0 | ||
| 008 | 731015s1967 ru a 000 0 eng | ||
| 035 | _a(BD-JhCC)5657 | ||
| 040 |
_aDLC _cDLC _dDLC _dBD-JhCC |
||
| 041 | 1 | _aengrus | |
| 050 | 0 | 0 |
_aTK4660 _b.E4913 1967 |
| 082 | 0 | 0 |
_a671.5/21 _bELE 1967 |
| 245 | 0 | 0 |
_aElectric slag welding / _cEdited by B. Paton. Translated from the Russian by B. Kuznetsov. |
| 250 | _a[2. ed.] | ||
| 260 |
_aMoscow, _bMir Publishers, _c1967. |
||
| 300 |
_a386 p. _billus. _c23 cm. |
||
| 500 | _aTranslation of Ėlektroshlakovai︠a︡ svarka. | ||
| 650 | 0 | _aElectroslag welding. | |
| 700 | 1 |
_aPaton, B. E. _q(Boris Evgenʹevich), _d1918- |
|
| 942 |
_2ddc _cBK |
||